000 00535nam a2200217Ia 4500
003 OSt
005 20220928145331.0
006 a|||||r|||| 00| 0
007 ta
008 220927b |||||||| |||| 00| 0 eng d
024 _a80256
037 _cTextual
040 _aSDCL
_cSDCL
_beng
041 _2eng
_aeng
082 _aO-,1L72:g, L7
100 _aBeer John
_9512654
245 0 _aColeridge's poetic intelligence.
260 _c1977
942 _hO-,1L72:g, L7
_cTEXL
_2CC
999 _c833296
_d833296